Guess the coat of arms of the country - Statistics

General Stats
  • This quiz has been taken 67 times
  • The average score is 24 of 31
Answer Stats
Picture Answer % Correct
south korea
100%
germany
97%
turkey
94%
vietnam
94%
australia
91%
india
91%
mexico
91%
united kingdom
91%
egypt
88%
italy
88%
new zealand
88%
argentina
85%
brazil
85%
france
85%
spain
85%
china
82%
israel
82%
russia
82%
ireland
79%
netherlands
76%
north korea
76%
canada
74%
japan
71%
sweden
71%
czech republic
65%
norway
65%
finland
62%
cambodia
56%
south africa
53%
indonesia
44%
cuba
41%
No matching quizzes found
Score Distribution
Percent of People with Each Score
Percentile by Number Answered
Your Score History
You have not taken this quiz